| 000 | 01724nam a2200193 a 4500 | ||
|---|---|---|---|
| 008 | 120515t1990 sp |||g |||| 001 0 spa d | ||
| 020 | _a950070580X | ||
| 041 | _aspa | ||
| 092 |
_c808 _l75 _sROT |
||
| 100 | 1 |
_aRoth, Joseph _93521 |
|
| 245 | 3 |
_aLa marcha Radetzky / _cJoseph Roth |
|
| 250 |
_a1a ed. _bTrad. Arturo Quintana |
||
| 260 |
_aBuenos Aires: _bSudamericana; _c1990. |
||
| 300 | _a348 p. | ||
| 500 | _aRoth, J. (1990). La marcha Radetzky. (1a ed.). Buenos Aires : Sudamericana. | ||
| 505 | _aJoseph Roth nació en la provincia austriaca de Galitzia en 1894 y murió en París en 1939, ciudad ésta adonde se exilió en 1933, cuando Hitler subió al pode. Entre sus obras están: Perlefter, Das falsche Gewicht y, sobre todo, Job, inspirada en un tema bíblico. En esta gran novela, que se ha convertido ya en un clásico de la literatura universal, La Marcha Radetzky, Joseph Roth presenta, a través del ejemplo de la familia Trotta -ligada al emperador Francisco José de manera casi legendaria- la caída de una familia, el fin de un orden de siglos y la disolución de una encantadora y brillante sociedad europea. La novela narra la historia de tres generaciones; el fundador de la dinastía salva la vida al joven emperador Francisco José en la batalla de Solferino y consigue así un título nobiliario; su hijo se convierte en jefe de distrito y es un fiel servidor y funcionario del emperador; al nieto se le hace pesada la carga de su nombre, y se encuentra incómodo en el ejercito. Muere en 1848, en los primeros días de la guerra y, cuando por fin muere también el anciano emperador Francisco José, el destino de la familia Trotta está ya sellado. | ||
| 655 |
_aNovela _93091 |
||
| 942 |
_2ddc _cBK |
||
| 999 |
_c2678 _d2678 |
||